000 00429nam a2200109Ia 4500
008 160909s9999 xx 000 0 und d
100 _aKrones, Mary Patricia.
245 _aHigh school general education English teachers' perception of IEP accommodations for students with Asperger Syndrome
260 _bIllinois State University
_c2016
650 _aEDUC/SPED
856 _uhttp://pqdtopen.proquest.com/doc/1801956282.html?FMT=ABS
999 _c304997
_d304997